000 01221nam a2200241Ia 4500
001 18101
003 GE_BSU
008 181216s||||||||xx |||||||||||||| ||und||
040 _cGE_BSU
080 _a811.353.1'282(063)
245 _aXXVII რესპუბლიკური დიალექტოლოგიური სამეცნიერო სესია:მასალები
245 _b2007 წ. 9-10 ნოემბერი
245 _cრედ.: მ. ჩუხუა, მ. ბერიძე
260 _aთბილისი
260 _c2007
300 _a105გვ.20სმ.
520 _aეძღვნება პროფ თედო უთურგაიძის დაბადების 80 წლისთავს
541 _h5ლ.
653 _aXXVII რესპუბლიკური დიალექტოლოგიური სამეცნიერო სესია
653 _aკავკასიური ენები; დიალექტოლოგია
653 _aქართული ენის დიალექტები; ქართველური ენების დიალექტები;
942 _cBK
999 _c51143
_d51143